000 00860cam a22002417a 4500
020 _a0764537369
040 _cAUM
082 0 0 _a006 WIL 2003 A005 Or.
100 1 _aEvjen, Bill.
245 1 0 _aWeb services enhancements :
_bunderstanding the WSE for .NET enterprise applications /
260 _aIndianapolis :
_bWiley,
_cc2003.
300 _axxv, 352 p. :
_bill. ;
_c24 cm.
500 _aIncludes index.
500 _aCompanion web site includes downloadable programming code.
650 0 _aWeb services.
650 0 _aMicrosoft .NET Framework.
650 0 _aInternet programming.
650 0 _aWeb site development.
856 4 2 _uhttp://www.loc.gov/catdir/bios/wiley046/2002114852.html
856 4 2 _uhttp://www.loc.gov/catdir/description/wiley039/2002114852.html
856 4 1 _uhttp://www.loc.gov/catdir/toc/wiley031/2002114852.html
942 _cEK
999 _c12955
_d12955